Estabilidad de taludes en suelos parcialmente saturados : estudio del caso del deslizamiento del Cerro Tapezco, Costa Rica

Salvato in:
Dettagli Bibliografici
Autore principale: Bogantes González, Roy Adolfo
Natura: Libro
Pubblicazione: Costa Rica 2003
Soggetti:
Tags: Aggiungi Tag
Nessun Tag, puoi essere il primo ad aggiungerne!!

MARC

LEADER 00000nam a2200000Ia 4500
003 009236
005 20221231144145.0
008 140114s2003 cr a m 000 ||s d
040 |c cru CEDI 
090 |a TFG 4775 
100 |a Bogantes González, Roy Adolfo  |9 6831 
245 |a Estabilidad de taludes en suelos parcialmente saturados : estudio del caso del deslizamiento del Cerro Tapezco, Costa Rica  
260 |c 2003  |a  Costa Rica 
300 |a xvi, 206 hojas : ilustraciones (algunas a color), 6 fotografías color  
500 |a  Tesis (magister scientiae en ingeniería civil con énfasis en geotecnia)--Universidad de Costa Rica. Sistema de Estudios de Postgrado 
650 |x TALUDES (MECANICA DE SUELOS)  |x DESPRENDIMIENTOS DE TIERRAS   |x PERMEABILIDAD DE SUELOS   |x HUMEDAD DE SUELOS   |x LLUVIA   |x INFLUENCIA   |x CERRO TAPEZCO (SAN JOSE, COSTA RICA)  |9 6832 
942 |c TFG 
999 |c 17708  |d 17708